书目信息 |
| 题名: |
复相合金热力学性质及凝固组织
|
|
| 作者: | 翟薇 著 | |
| 分册: | ||
| 出版信息: | 西安 西北工业大学出版社 2016.3 |
|
| 页数: | 160页 | |
| 开本: | 24cm | |
| 丛书名: | ||
| 单 册: | ||
| 中图分类: | TG131 | |
| 科图分类: | ||
| 主题词: | 复相--合金--热力学性质--凝固组织--研究 | |
| 电子资源: | ||
| ISBN: | 978-7-5612-4784-6 | |
| 000 | 01140nam0 2200241 450 | |
| 001 | 0400002775 | |
| 005 | 20171021141209.0 | |
| 010 | @a978-7-5612-4784-6@dCNY36.00 | |
| 100 | @a20170328d2016 em y0chiy50 ea | |
| 101 | 0 | @achi |
| 102 | @aCN@b610000 | |
| 105 | @aa z 000yy | |
| 106 | @ar | |
| 200 | 1 | @a复相合金热力学性质及凝固组织@9fu xiang he jin re li xue xing zhi ji ning gu zu zhi@f翟薇著 |
| 210 | @a西安@c西北工业大学出版社@d2016.3 | |
| 215 | @a160页@c图@d24cm | |
| 300 | @a西北工业大学出版社基金资助项目 | |
| 330 | @a本书共7章。其中,第1章介绍了二元Cu—Sn合金的热物理性质及其在超声场和深过冷条件下的包晶转变机制;第2章和第3章分别介绍了二元Cu—Ge和Ag—Sn合金的热物理性质及其在平衡条件下的凝固组织形态;第4章总结了三元Ag—Cu—Sb共晶合金在定向凝固条件下的生长特征;第5章和第6章分别介绍了三元Al—Cu—Sn和Al—In—Sn/Ge偏晶合金的热物理性质;第7章以超声场建立动态条件,阐明了三元Al—Cu—Sn偏晶合金在高强超声作用下的液相分离和偏晶凝固特征。 | |
| 606 | 0 | @a复相@x合金@x热力学性质@x凝固组织@x研究 |
| 690 | @aTG131@v5 | |
| 701 | 0 | @a翟薇@9zhai wei@f(1981-)@4著 |
| 801 | 0 | @aCN@b91MARC@c20171021 |
| 905 | @b1035006-10@dTG131@f5@e76 | |
| 复相合金热力学性质及凝固组织/翟薇著.-西安:西北工业大学出版社,2016.3 |
| 160页:图;24cm |
| 西北工业大学出版社基金资助项目 |
| ISBN 978-7-5612-4784-6:CNY36.00 |
| 本书共7章。其中,第1章介绍了二元Cu—Sn合金的热物理性质及其在超声场和深过冷条件下的包晶转变机制;第2章和第3章分别介绍了二元Cu—Ge和Ag—Sn合金的热物理性质及其在平衡条件下的凝固组织形态;第4章总结了三元Ag—Cu—Sb共晶合金在定向凝固条件下的生长特征;第5章和第6章分别介绍了三元Al—Cu—Sn和Al—In—Sn/Ge偏晶合金的热物理性质;第7章以超声场建立动态条件,阐明了三元Al—Cu—Sn偏晶合金在高强超声作用下的液相分离和偏晶凝固特征。 |
| ● |
| 相关链接 |
|
|
|
|
正题名:复相合金热力学性质及凝固组织
索取号:TG131/76
 
预约/预借
| 序号 | 登录号 | 条形码 | 馆藏地/架位号 | 状态 | 备注 |
| 1 | 1035006 | 210350065 | 第二样本阅览室/ [索取号:TG131/76] | 在馆 | |
| 2 | 1035007 | 210350074 | 密集书库-物理学院/ [索取号:TG131/76] | 在馆 | |
| 3 | 1035008 | 210350083 | 第三借阅区/ [索取号:TG131/76] | 在馆 | |
| 4 | 1035009 | 210350092 | 第三借阅区/ [索取号:TG131/76] | 在馆 | |
| 5 | 1035010 | 210350109 | 第三借阅区/ [索取号:TG131/76] | 在馆 |